Statutory Interpretation : (Record no. 1000)
[ view plain ]
| 000 -LEADER | |
|---|---|
| fixed length control field | 00604nam a22001937a 4500 |
| 005 - DATE AND TIME OF INPUT | |
| control field | 20231128103526.0 |
| 008 - DATA ELEMENTS--GENERAL INFORMATION | |
| fixed length control field | 231128b |||||||| |||| 00| 0 eng d |
| 020 ## - INTERNATIONAL STANDARD BOOK NUMBER | |
| International Standard Book Number | 9780702159299 |
| 041 ## - LANGUAGE CODE | |
| Language code of text | English |
| 082 ## - SHELF NUMBER | |
| DDC number | 340.1 BOT |
| 100 ## - MAIN AUTHOR | |
| Main author's name | Botha, C |
| Language of a work | English |
| 245 ## - TITLE STATEMENT | |
| Title | Statutory Interpretation : |
| Sub-title | An introduction for students / |
| Statement of responsibility, etc. | C Botha |
| 250 ## - EDITION STATEMENT | |
| Edition statement | Fourth Edition |
| 260 ## - PUBLICATION, DISTRIBUTION, ETC. | |
| Place of publication, distribution, etc. | Cape Town : |
| Name of publisher, distributor, etc. | Juta and Company Ltd, |
| Date of publication, distribution, etc. | 2005 |
| 300 ## - PHYSICAL DESCRIPTION | |
| Other physical details | xviii, 169 pages ; |
| Dimensions | 25,5 cm. |
| 650 ## - SUBJECT` | |
| Broad subject | Legal practice |
| Own subject terms | Law |
| 700 ## - OTHER AUTHORS | |
| Other authors' name | Legal practice |
| titles/words associated with name | Law |
| 942 ## - ADDED ENTRY ELEMENTS (KOHA) | |
| Item type | Books |
| 942 ## - ADDED ENTRY ELEMENTS (KOHA) | |
| -- | ALISON_BN_VRIES |
| Source of classification or shelving scheme | Not for loan | Collection code | Home library | Current library | Shelving location | Date acquired | Full call number | Barcode | Price effective from | Koha item type |
|---|---|---|---|---|---|---|---|---|---|---|
| Dewey Decimal Classification | TEXT BOOKS | LAW SOCIETY OF NAMIBIA LIBRARY - WINDHOEK | LAW SOCIETY OF NAMIBIA LIBRARY - WINDHOEK | General Shelf | 11/28/2023 | 340.1 BOT | LSN/2011/19 | 11/28/2023 | Books |
